[Event "69. BEM 2015"]
[Site "Dortmund"]
[Date "2015.03.16"]
[Round "7.18"]
[White "Schleuß, Jürgen"]
[Black "Völler, Lothar"]
[Result "0-1"]
[WhiteElo "1253"]
[BlackElo "1597"]
[PlyCount "66"]
[EventDate "2015.??.??"]
[WhiteTeam "Dortmunder SV"]
[BlackTeam "FS 1898 Dortmund"]

1. e4 c5 2. Nf3 g6 3. c3 Bg7 4. Bc4 Nf6 5. d3 O-O 6. Bf4 Nc6 7. Nbd2 d5 8. exd5
Nxd5 9. Bg3 Nb6 10. Nb3 Nxc4 11. dxc4 b6 12. Qxd8 Rxd8 13. O-O Ba6 14. Nfd2 Bh6
15. Rad1 f5 16. f4 Rd7 17. Rf3 Rad8 18. Be1 Bxc4 19. Nc1 e5 20. b3 Bd5 21. Rf2
Bxf4 22. g3 Be3 23. Nd3 Bxf2+ 24. Nxf2 Be6 25. Nh3 h6 26. Kg2 Kg7 27. Kf2 g5
28. Ng1 f4 29. Kf3 g4+ 30. Ke4 Bd5+ 31. Kf5 Bf3 32. Ngxf3 gxf3 33. Ke4 f2 0-1

[Event "69. BEM 2015"]
[Site "Dortmund"]
[Date "2015.03.16"]
[Round "7.19"]
[White "Kesselmeier, Klaus"]
[Black "Pennekamp, Christ"]
[Result "1/2-1/2"]
[WhiteElo "1404"]
[BlackElo "1194"]
[PlyCount "40"]
[EventDate "2015.??.??"]
[WhiteTeam "SF Brackel"]
[BlackTeam "SC Hansa Dortmund"]

1. e4 e6 2. Nf3 c5 3. c4 b6 4. Nc3 Bb7 5. d3 Be7 6. Be2 Nc6 7. O-O Nf6 8. h3
O-O 9. e5 Ne8 10. Ne4 d6 11. Bf4 dxe5 12. Nxe5 Qd4 13. Nf3 Qxb2 14. Bd2 Nf6 15.
Bc3 Qa3 16. Bxf6 Bxf6 17. Nxf6+ gxf6 18. Qd2 Rad8 19. Qh6 f5 20. Qg5+ Kh8
1/2-1/2

[Event "69. BEM 2015"]
[Site "Dortmund"]
[Date "2015.03.16"]
[Round "7.20"]
[White "Schlettig, Achim"]
[Black "Wangrin, Stefan A"]
[Result "0-1"]
[WhiteElo "1206"]
[BlackElo "1169"]
[PlyCount "92"]
[EventDate "2015.??.??"]
[WhiteTeam "FS 1898 Dortmund"]
[BlackTeam "FS 1898 Dortmund"]

1. d4 d5 2. c4 b6 3. Nf3 Nc6 4. Nc3 dxc4 5. e3 Be6 6. d5 Bg4 7. dxc6 Qxd1+ 8.
Nxd1 b5 9. Be2 Bxf3 10. Bxf3 e5 11. O-O Ne7 12. Nc3 a6 13. Rd1 f5 14. Nd5 Nxd5
15. Rxd5 Bd6 16. a3 Rb8 17. Bh5+ g6 18. Be2 Rb6 19. Bd2 Rxc6 20. Bb4 Ke7 21.
Bxd6+ cxd6 22. Rc1 Ke6 23. Rdd1 e4 24. g4 Rf8 25. Kg2 d5 26. Kg3 Ke5 27. Rd4
f4+ 28. Kh4 fxe3 29. fxe3 Rf2 30. Bf1 Rxh2+ 31. Bh3 g5+ 32. Kg3 Rxb2 33. Rf1
Rd6 34. Rf5+ Ke6 35. Rxg5 Rb3 36. Rh5 Rxe3+ 37. Kh4 c3 38. g5+ Rxh3+ 39. Kxh3
c2 40. Rh6+ Ke5 41. Rxd6 Kxd6 42. Rd2 c1=Q 43. Rg2 e3 44. Kg3 Qe1+ 45. Kf3 Qf1+
46. Kxe3 Qxg2 0-1

[Event "69. BEM 2015"]
[Site "Dortmund"]
[Date "2015.03.16"]
[Round "7.21"]
[White "Bensch, Christian"]
[Black "Schmidt, Andreas"]
[Result "1-0"]
[WhiteElo "1160"]
[BlackElo "1026"]
[PlyCount "78"]
[EventDate "2015.??.??"]
[WhiteTeam "SC Wambel"]
[BlackTeam "FS 1898 Dortmund"]

1. e4 e5 2. Nf3 Nc6 3. Bc4 Nf6 4. Ng5 d5 5. exd5 Nxd5 6. Qf3 Be6 7. Nc3 Nd4 8.
Qe4 Qxg5 9. Bxd5 Bxd5 10. Nxd5 Bd6 11. O-O O-O 12. c3 f5 13. Qd3 Qh5 14. cxd4
e4 15. Qh3 Qg5 16. d3 f4 17. dxe4 c6 18. Nc3 Rad8 19. e5 Bb4 20. a3 Be7 21. Rd1
c5 22. Ne4 Qh4 23. Qxh4 Bxh4 24. Nxc5 Rd5 25. Ne6 Rf5 26. Bxf4 g5 27. Bg3 Bxg3
28. hxg3 Kf7 29. Nc5 b6 30. Ne4 Ke6 31. Rd3 h5 32. f3 Rfxe5 33. Re1 Kf5 34. Kf2
g4 35. Nd6+ Rxd6 36. Rxe5+ Kg6 37. d5 Kf6 38. Rxh5 Ke7 39. Re5+ Kd7 1-0

[Event "69. BEM 2015"]
[Site "Dortmund"]
[Date "2015.03.16"]
[Round "7.22"]
[White "Dirks, Rainer"]
[Black "Sobottka, H.-Gerald"]
[Result "0-1"]
[WhiteElo "1150"]
[BlackElo "989"]
[PlyCount "48"]
[EventDate "2015.??.??"]
[WhiteTeam "FS 1898 Dortmund"]
[BlackTeam "Dortmunder SV"]

1. e4 e5 2. d4 exd4 3. Nf3 c5 4. c3 Nc6 5. Bb5 a6 6. Bxc6 dxc6 7. cxd4 Bg4 8.
h3 Bxf3 9. gxf3 Qxd4 10. Qxd4 cxd4 11. Nd2 d3 12. Nc4 Bb4+ 13. Bd2 Bxd2+ 14.
Kxd2 O-O-O 15. Ne5 Nh6 16. Nxd3 f5 17. Ke3 fxe4 18. fxe4 Rhe8 19. f4 Nf5+ 20.
Kf3 Rxd3+ 21. Ke2 Re3+ 22. Kf2 R8xe4 23. Kg2 Rg3+ 24. Kh2 Re2# 0-1

[Event "69. BEM 2015"]
[Site "Dortmund"]
[Date "2015.03.17"]
[Round "8.1"]
[White "Ries, Benjamin"]
[Black "Rahner, Norbert"]
[Result "1-0"]
[WhiteElo "2005"]
[BlackElo "1681"]
[PlyCount "45"]
[EventDate "2015.??.??"]
[WhiteTeam "SF Brackel"]
[BlackTeam "SG Mengede"]

1. d4 d5 2. c4 e6 3. Nc3 Nf6 4. cxd5 exd5 5. Bg5 Be7 6. e3 h6 7. Bh4 O-O 8. Bd3
Re8 9. Nf3 Bg4 10. h3 Be6 11. O-O a5 12. Ne5 Nfd7 13. Bxe7 Rxe7 14. f4 Nxe5 15.
fxe5 Nd7 16. Qh5 c6 17. Rf3 Qe8 18. Rg3 Kh8 19. Rf1 f6 20. Bg6 Bf7 21. exf6
Bxg6 22. Rxg6 Nxf6 23. Rfxf6 1-0

[Event "69. BEM 2015"]
[Site "Dortmund"]
[Date "2015.03.17"]
[Round "8.2"]
[White "Henrichs, Th. (IM)"]
[Black "Blokisch, Till"]
[Result "1-0"]
[WhiteElo "2448"]
[BlackElo "1806"]
[PlyCount "75"]
[EventDate "2015.??.??"]
[WhiteTeam "SC Hansa Dortmund"]
[BlackTeam "SF Brackel"]

1. d4 Nf6 2. c4 e6 3. g3 c5 4. d5 exd5 5. cxd5 d6 6. Nc3 Be7 7. Bg2 O-O 8. Nf3
a6 9. a4 Re8 10. O-O Nbd7 11. Nd2 b6 12. Nc4 Qc7 13. h3 Bf8 14. f4 Rb8 15. Na3
Bb7 16. Kh2 g6 17. Qd3 Bg7 18. Bd2 Re7 19. e4 Ne8 20. Rae1 Bc8 21. Rb1 Nf8 22.
g4 Qd7 23. b4 cxb4 24. Rxb4 f5 25. Nc4 b5 26. axb5 fxg4 27. Na5 gxh3 28. Bf3
Bxc3 29. Bxc3 Rxb5 30. Nc6 Rf7 31. Rxb5 axb5 32. Qd4 Ng7 33. f5 Bb7 34. Bg4
Bxc6 35. fxg6 Qxg4 36. gxf7+ Kh8 37. Qxg7+ Qxg7 38. Bxg7+ 1-0

[Event "69. BEM 2015"]
[Site "Dortmund"]
[Date "2015.03.17"]
[Round "8.3"]
[White "Grube, Jörg"]
[Black "Zelt, Jens"]
[Result "1/2-1/2"]
[WhiteElo "1902"]
[BlackElo "2004"]
[Annotator "Schulenburg,Pit"]
[PlyCount "25"]
[EventDate "2015.??.??"]
[WhiteTeam "FS 1898 Dortmund"]
[BlackTeam "SC Hansa Dortmund"]

1. e4 c5 2. Nf3 d6 3. d4 cxd4 4. Nxd4 Nf6 5. Nc3 a6 6. Bg5 Nbd7 7. f4 Qc7 8.
Qf3 g6 9. O-O-O Bg7 10. Be2 Nb6 11. Rhe1 Bg4 12. Qf1 Bxe2 13. Qxe2 $11 1/2-1/2

[Event "69. BEM 2015"]
[Site "Dortmund"]
[Date "2015.03.17"]
[Round "8.4"]
[White "Fork, Raphael"]
[Black "Brockmann, Mich"]
[Result "0-1"]
[WhiteElo "1844"]
[BlackElo "2026"]
[PlyCount "108"]
[EventDate "2015.??.??"]
[WhiteTeam "Matt Inn"]
[BlackTeam "SV Eichlinghofen"]

1. e4 c5 2. Nf3 g6 3. d4 cxd4 4. Nxd4 Nf6 5. Nc3 Nc6 6. Nde2 Qa5 7. Bd2 Qb6 8.
f3 Bg7 9. Nf4 O-O 10. Rb1 e6 11. Na4 Qd8 12. Bd3 d5 13. exd5 Nxd5 14. Nxd5 Qh4+
15. g3 Qxa4 16. Nc3 Qd4 17. Qc1 Nb4 18. Be2 Re8 19. a3 Nd5 20. Nd1 Bd7 21. Nf2
e5 22. O-O e4 23. fxe4 f5 24. c3 Qc5 25. b4 Nxc3 26. Bxc3 Qxc3 27. Qxc3 Bxc3
28. Bc4+ Kh8 29. Bd5 Bb5 30. Rfc1 Bd4 31. Bxb7 Rad8 32. e5 Rxe5 33. Re1 Rde8
34. Rxe5 Rxe5 35. Rd1 Bb6 36. Rd2 Re1+ 37. Kg2 Bf1+ 38. Kf3 Re3+ 39. Kf4 Rxa3
40. Ke5 Kg7 41. Rd7+ Kh6 42. Rd1 Bc4 43. Rc1 Re3+ 44. Kd6 Bb5 45. g4 Rb3 46.
gxf5 gxf5 47. Nd1 f4 48. Nc3 Be3 49. Bd5 Rxb4 50. Nxb5 Bxc1 51. Nxa7 Bb2 52.
Nc6 Rb5 53. h4 Kh5 54. Be4 h6 0-1

[Event "69. BEM 2015"]
[Site "Dortmund"]
[Date "2015.03.17"]
[Round "8.5"]
[White "Kropp, Andreas"]
[Black "Horenburg, Oliver"]
[Result "1/2-1/2"]
[WhiteElo "1989"]
[BlackElo "1760"]
[Annotator "Schulenburg,Pit"]
[PlyCount "26"]
[EventDate "2015.??.??"]
[WhiteTeam "SV Eichlinghofen"]
[BlackTeam "SV Eichlinghofen"]

1. e4 e5 2. Nf3 Nc6 3. Bb5 Nf6 4. d3 d6 5. h3 h6 6. c3 Bd7 7. Be3 Be7 8. Nbd2
O-O 9. O-O a6 10. Ba4 Re8 11. Re1 Bf8 12. Bc2 d5 13. Nf1 Be6 $11 1/2-1/2

[Event "69. BEM 2015"]
[Site "Dortmund"]
[Date "2015.03.17"]
[Round "8.7"]
[White "Büchle, Manfred"]
[Black "Zachos, Ingo"]
[Result "0-1"]
[WhiteElo "1828"]
[BlackElo "1894"]
[PlyCount "76"]
[EventDate "2015.??.??"]
[WhiteTeam "SV Eichlinghofen"]
[BlackTeam "SV Eichlinghofen"]

1. e4 d6 2. d4 Nf6 3. Nc3 g6 4. Be2 Bg7 5. f4 O-O 6. Nf3 c5 7. O-O cxd4 8. Nxd4
Nc6 9. Nxc6 bxc6 10. Be3 Qc7 11. Bf3 Rb8 12. Rb1 c5 13. Qd2 Rd8 14. Rfd1 Bb7
15. Qe2 Bc6 16. Nd5 Nxd5 17. exd5 Bd7 18. c4 Bf5 19. b3 Bxb1 20. Rxb1 a5 21. f5
a4 22. fxg6 hxg6 23. Bg5 Re8 24. h4 axb3 25. axb3 e6 26. Qd3 e5 27. h5 e4 28.
Bxe4 Re5 29. h6 Rxg5 30. hxg7 Qe7 31. Rf1 Kxg7 32. Qc3+ Qe5 33. Qf3 f5 34. Bc2
Rh8 35. Rd1 Rgh5 36. Kf2 Rh4 37. Re1 Qd4+ 38. Ke2 Re8+ 0-1

[Event "69. BEM 2015"]
[Site "Dortmund"]
[Date "2015.03.17"]
[Round "8.8"]
[White "Brendemühl, B."]
[Black "Ziemek, Gerhard"]
[Result "1/2-1/2"]
[WhiteElo "1894"]
[BlackElo "1627"]
[Annotator "Schulenburg,Pit"]
[PlyCount "70"]
[EventDate "2015.??.??"]
[WhiteTeam "FS 1898 Dortmund"]
[BlackTeam "SVg Marten-Bövinghsn."]

1. e4 e5 2. Nf3 Nc6 3. Bb5 d6 4. d4 exd4 5. Nxd4 Bd7 6. Nxc6 Bxc6 7. Bxc6+ bxc6
8. c4 g6 9. Bd2 Bg7 10. Bc3 Nf6 11. O-O O-O 12. Nd2 Qd7 13. Qa4 Rfe8 14. Rfe1
Ng4 15. Bxg7 Kxg7 16. h3 Ne5 17. f4 Nd3 18. Rf1 Nc5 19. Qc2 f6 20. b4 Ne6 21.
Nb3 Re7 22. Rad1 Rae8 23. e5 fxe5 24. fxe5 d5 25. cxd5 cxd5 26. Qf2 c6 27. Qf6+
Kg8 28. Qh4 Ng7 29. Nc5 Qc7 30. Nd3 Nf5 31. Qf2 Rf7 32. g4 Nh6 33. Qe3 Rxf1+
34. Rxf1 Nf7 35. e6 Rxe6 {(=)} 1/2-1/2

[Event "69. BEM 2015"]
[Site "Dortmund"]
[Date "2015.03.17"]
[Round "8.9"]
[White "Simon, Thomas"]
[Black "Grawe, Herbert"]
[Result "1-0"]
[WhiteElo "1757"]
[BlackElo "1339"]
[PlyCount "79"]
[EventDate "2015.??.??"]
[WhiteTeam "SF Brackel"]
[BlackTeam "Dortmunder SV"]

1. Nf3 g6 2. g3 Bg7 3. d4 d6 4. Bg2 Nd7 5. O-O c5 6. c3 Ngf6 7. Re1 O-O 8. Na3
a6 9. e4 b5 10. e5 Ng4 11. h3 Nh6 12. e6 Nb6 13. Bxh6 Bxh6 14. exf7+ Kh8 15.
dxc5 Nc4 16. Nxc4 bxc4 17. cxd6 exd6 18. Qd4+ Bg7 19. Qxc4 Bd7 20. Rad1 Qf6 21.
Qd4 Qxf7 22. Qxd6 Bxh3 23. Qe7 Qf5 24. Re3 Bxg2 25. Kxg2 Rf7 26. Qg5 Raf8 27.
Qxf5 Rxf5 28. Rdd3 g5 29. Re2 h5 30. Nd4 Bxd4 31. cxd4 g4 32. d5 Rf3 33. Red2
R3f7 34. d6 Rd7 35. Rd5 Kg8 36. Rxh5 Rc8 37. Rg5+ Kf7 38. Rxg4 Rc6 39. Rgd4 Ke6
40. f3 1-0

[Event "69. BEM 2015"]
[Site "Dortmund"]
[Date "2015.03.17"]
[Round "8.10"]
[White "Zabel, Reinhard"]
[Black "Raskin, Vitali"]
[Result "0-1"]
[WhiteElo "1461"]
[BlackElo "1610"]
[PlyCount "48"]
[EventDate "2015.??.??"]
[WhiteTeam "Doppelbauer Brambauer"]
[BlackTeam "FS 1898 Dortmund"]

1. e4 c5 2. c3 Nc6 3. d4 cxd4 4. cxd4 d6 5. Nf3 g6 6. Nc3 Bg7 7. Be2 Bg4 8. Be3
Nf6 9. O-O O-O 10. d5 Bxf3 11. Bxf3 Ne5 12. Bd4 Nfd7 13. Bxe5 Nxe5 14. Rc1 Rc8
15. Bg4 Nxg4 16. Qxg4 Rc4 17. Qe2 Qc8 18. Qe3 a6 19. Rc2 f5 20. exf5 Qxf5 21.
Qe6+ Qxe6 22. dxe6 Rfc8 23. Rfc1 d5 24. Rd1 d4 0-1

[Event "69. BEM 2015"]
[Site "Dortmund"]
[Date "2015.03.17"]
[Round "8.11"]
[White "Ewers, Christian"]
[Black "Schütz, Ralf"]
[Result "0-1"]
[WhiteElo "1702"]
[BlackElo "1739"]
[PlyCount "68"]
[EventDate "2015.??.??"]
[WhiteTeam "SG Mengede"]
[BlackTeam "61515/FS 98 Dortmund"]

1. e4 e6 2. d4 d5 3. Nd2 Be7 4. Ngf3 Nf6 5. e5 Nfd7 6. Bd3 c5 7. c3 Nc6 8. O-O
a5 9. Qa4 cxd4 10. cxd4 O-O 11. a3 h6 12. Bb5 Na7 13. Bd3 b5 14. Qd1 Qb6 15. a4
Ba6 16. Qe2 Rfb8 17. Nb3 Nc6 18. Bd2 bxa4 19. Bxa6 Qxa6 20. Qxa6 Rxa6 21. Nxa5
Rxa5 22. Bxa5 Nxa5 23. Rxa4 Rb5 24. b3 Nb6 25. Ra2 Nxb3 26. Rb1 Nc4 27. Rd1 Ra5
28. Rc2 f6 29. g3 fxe5 30. dxe5 Ra3 31. Rd3 Bc5 32. Kg2 Na1 33. Rxc4 dxc4 34.
Rxa3 Bxa3 0-1

[Event "69. BEM 2015"]
[Site "Dortmund"]
[Date "2015.03.17"]
[Round "8.12"]
[White "Kartsev, Nikolaj"]
[Black "Howorka, Roland"]
[Result "1-0"]
[WhiteElo "1616"]
[BlackElo "1443"]
[PlyCount "59"]
[EventDate "2015.??.??"]
[WhiteTeam "SF Brackel"]
[BlackTeam "FS 1898 Dortmund"]

1. e4 c5 2. c3 e6 3. d4 Nc6 4. d5 exd5 5. exd5 Qe7+ 6. Be2 Ne5 7. Bf4 d6 8. Nf3
Nxf3+ 9. gxf3 Bd7 10. Nd2 O-O-O 11. Ne4 Bf5 12. Qa4 Bxe4 13. fxe4 b6 14. f3 Qc7
15. b4 Kb8 16. Qa3 Nf6 17. bxc5 Qxc5 18. Qxc5 bxc5 19. Rb1+ Kc7 20. Ba6 Rb8 21.
Rxb8 Kxb8 22. Ke2 Nd7 23. Rb1+ Kc7 24. Rb7+ Kd8 25. Rxa7 f6 26. Bb5 Nb8 27. c4
h5 28. Bd2 g5 29. Ba5+ Kc8 30. Rc7+ 1-0

[Event "69. BEM 2015"]
[Site "Dortmund"]
[Date "2015.03.17"]
[Round "8.13"]
[White "Cogan, Leonid"]
[Black "Benke, Werner"]
[Result "1-0"]
[WhiteElo "1710"]
[BlackElo "1427"]
[PlyCount "95"]
[EventDate "2015.??.??"]
[WhiteTeam "SU Huck.-Westerfilde"]
[BlackTeam "SC Hansa Dortmund"]

1. e4 c5 2. Nf3 Nc6 3. d4 cxd4 4. Nxd4 e6 5. Nxc6 bxc6 6. Bd3 d5 7. O-O g6 8.
Kh1 Bg7 9. f4 Ne7 10. g4 f5 11. e5 fxg4 12. Qxg4 Nf5 13. Bxf5 exf5 14. Qg3 O-O
15. Qc3 Bb7 16. Kg1 d4 17. Qc5 Qb6 18. Qxb6 axb6 19. Nd2 c5 20. Re1 Rfe8 21.
Nc4 Re6 22. Bd2 Be4 23. c3 Bd5 24. Na3 d3 25. c4 Be4 26. Nb5 Rd8 27. Kf2 Bf8
28. a4 Bc6 29. Nc3 Re7 30. a5 Rb7 31. a6 Ra7 32. Ra3 Be7 33. Kg3 Kf7 34. Rea1
Rd4 35. b3 h6 36. Be3 Rd8 37. h4 d2 38. R3a2 Rd3 39. Nd1 Rad7 40. a7 Ba8 41.
Rb1 Rxe3+ 42. Nxe3 Rd3 43. Kf2 Bxh4+ 44. Ke2 Rd4 45. Nd5 Be1 46. Ra6 Bxd5 47.
cxd5 Re4+ 48. Kd1 1-0

[Event "69. BEM 2015"]
[Site "Dortmund"]
[Date "2015.03.17"]
[Round "8.14"]
[White "Jentzsch, W.W."]
[Black "Rauschenbusch, U."]
[Result "0-1"]
[WhiteElo "1318"]
[BlackElo "1618"]
[PlyCount "56"]
[EventDate "2015.??.??"]
[WhiteTeam "SF Brackel"]
[BlackTeam "FS 1898 Dortmund"]

1. d4 Nf6 2. Nc3 d5 3. Bf4 g6 4. e3 a6 5. Nf3 Bg7 6. Bd3 O-O 7. Qd2 Nbd7 8. h4
c5 9. O-O-O c4 10. Be2 b5 11. Ne5 Qb6 12. g4 Nxe5 13. Bxe5 Rd8 14. g5 Ne4 15.
Nxe4 dxe4 16. Bxg7 Kxg7 17. h5 Bf5 18. h6+ Kg8 19. f4 Rd5 20. Qb4 Qc7 21. Rdg1
a5 22. Qc3 Rc8 23. Bg4 b4 24. Qd2 c3 25. bxc3 bxc3 26. Qe2 Qb6 27. Bxf5 Qb2+
28. Kd1 Qb1# 0-1

[Event "69. BEM 2015"]
[Site "Dortmund"]
[Date "2015.03.17"]
[Round "8.15"]
[White "Völler, Lothar"]
[Black "Pachura, K.-H."]
[Result "0-1"]
[WhiteElo "1597"]
[BlackElo "1353"]
[PlyCount "126"]
[EventDate "2015.??.??"]
[WhiteTeam "FS 1898 Dortmund"]
[BlackTeam "SF Brackel"]

1. b3 e5 2. Bb2 d6 3. e3 Nf6 4. c4 c5 5. d3 Be7 6. Nc3 O-O 7. h3 Nc6 8. Be2 Qa5
9. Qd2 a6 10. Nf3 Bf5 11. g4 Be6 12. g5 Nd7 13. Ne4 Qxd2+ 14. Kxd2 Bf5 15. Ng3
Be6 16. h4 Rfd8 17. e4 Bg4 18. Nf1 Bxf3 19. Bxf3 Nd4 20. Bxd4 cxd4 21. Ng3 g6
22. Ke2 b5 23. Raf1 b4 24. Bg4 a5 25. f4 exf4 26. Rxf4 Ne5 27. Rhf1 a4 28. Rd1
axb3 29. axb3 Ra3 30. Rb1 Ra2+ 31. Kf1 Nxd3 32. Rf3 Ne5 33. Rf4 Rda8 34. Bd1
Ra1 35. Rxa1 Rxa1 36. Ke2 Ra2+ 37. Kf1 Rb2 38. Rf2 Rb1 39. Rd2 d3 40. Kf2 Kg7
41. Ke3 h6 42. gxh6+ Kxh6 43. Kd4 Kg7 44. Kd5 Bxh4 45. Rg2 Bxg3 46. Rxg3 Rxd1
47. Kxd6 f6 48. Kc5 Re1 49. Rg2 Rxe4 50. Rd2 Re2 51. Rd1 d2 52. Kxb4 Nf3 53.
Kc3 Re1 54. Kc2 Rxd1 55. Kxd1 Kf7 56. c5 Ke6 57. b4 Kd5 58. Ke2 Kc6 59. Kd1 Kb5
60. Ke2 d1=Q+ 61. Kxd1 Nd4 62. Kd2 Nc6 63. Kc3 Nxb4 0-1

[Event "69. BEM 2015"]
[Site "Dortmund"]
[Date "2015.03.17"]
[Round "8.16"]
[White "Wangrin, Stefan"]
[Black "Simon, Stefan"]
[Result "0-1"]
[WhiteElo "1169"]
[BlackElo "1484"]
[Annotator "Schulenburg,Pit"]
[PlyCount "106"]
[EventDate "2015.??.??"]
[WhiteTeam "FS 1898 Dortmund"]
[BlackTeam "SVG Marten-Bövinghausen"]

1. e4 c5 2. c4 Nc6 3. Nc3 e5 4. Nf3 Nf6 5. d3 h6 6. h3 d6 7. Be2 Be7 8. Nd5
Nxd5 9. cxd5 Nd4 10. Nxd4 cxd4 11. Bg4 Bd7 12. Bxd7+ Qxd7 13. f4 O-O 14. f5
Rac8 15. Bd2 Qb5 16. Qb3 Qxb3 17. axb3 Rc2 18. Rb1 Rfc8 19. g3 R8c5 20. b4 Rc8
21. h4 Kh7 22. Ke2 g5 23. Rbc1 gxh4 24. gxh4 Rxc1 25. Bxc1 Rc2+ 26. Kd1 {(=)}
Rg2 27. Bd2 h5 28. b3 b5 29. Kc1 Rg3 30. Kc2 Rg4 31. Be1 Rg2+ 32. Bd2 Bf8 33.
Kd1 Bg7 34. Kc1 Bh6 35. Bxh6 Kxh6 36. Rh3 Kg7 37. Kb1 Kf6 38. Kc1 Ke7 39. Rh1
Kd7 40. Rd1 Rh2 41. Rd2 {(=)} Rxh4 42. Ra2 Rh1+ 43. Kb2 Rh2+ 44. Kb1 Rxa2 45.
Kxa2 h4 46. Kb2 h3 47. f6 h2 48. Kc1 h1=Q+ 49. Kb2 Qf3 50. Kc1 Qxd3 51. Kb2
Qc3+ 52. Ka2 d3 53. Ka3 Qa1# 0-1

[Event "69. BEM 2015"]
[Site "Dortmund"]
[Date "2015.03.17"]
[Round "8.17"]
[White "Gegner, Michael"]
[Black "Bensch, Christian"]
[Result "1-0"]
[WhiteElo "1478"]
[BlackElo "1160"]
[PlyCount "47"]
[EventDate "2015.??.??"]
[WhiteTeam "Dortmunder SV"]
[BlackTeam "SC Wambel"]

1. d4 f5 2. e4 e6 3. Nc3 d6 4. f3 Be7 5. Bc4 c6 6. Nge2 d5 7. Bd3 Nf6 8. e5
Nfd7 9. f4 O-O 10. Be3 c5 11. dxc5 Nxc5 12. Nd4 Nxd3+ 13. Qxd3 Nc6 14. a3 a6
15. O-O-O Bd7 16. Nf3 h6 17. h3 b5 18. g4 fxg4 19. hxg4 d4 20. Rxh6 gxh6 21.
Qg6+ Kh8 22. Qxh6+ Kg8 23. Qg6+ Kh8 24. Rh1+ 1-0

[Event "69. BEM 2015"]
[Site "Dortmund"]
[Date "2015.03.17"]
[Round "8.18"]
[White "Kawka, Bogdan"]
[Black "Schleuß, Jürgen"]
[Result "1-0"]
[WhiteElo "1272"]
[BlackElo "1253"]
[Annotator "Schulenburg,Pit"]
[PlyCount "69"]
[EventDate "2015.??.??"]
[WhiteTeam "FS 1898 Dortmund"]
[BlackTeam "Dortmunder SV"]

1. Nf3 e6 2. d4 d5 3. c4 Nf6 4. cxd5 exd5 5. Nc3 Bb4 6. Qb3 Nc6 7. a3 Ba5 8. e3
Ne4 9. Bd2 Nxd2 10. Nxd2 Be6 11. Qxb7 Bd7 12. b4 Rb8 13. Qa6 Bb6 14. Nxd5 Bc8
15. Qc4 Bb7 16. Nxb6 axb6 17. b5 Na5 18. Qb4 Bd5 19. e4 Ba8 20. Bd3 Nb7 21. O-O
Qg5 22. Rfe1 Nd6 23. Nf3 Qg6 24. e5 Nf5 25. Be4 Bxe4 26. Rxe4 Rd8 27. Rae1 Ne7
28. e6 Nd5 29. exf7+ Kxf7 30. Qc4 Qd6 31. Ne5+ Kf6 32. Qe2 Qxa3 {(=)} 33. Nd3
Qd6 34. Qf3+ Kg6 35. Rg4+ 1-0

[Event "69. BEM 2015"]
[Site "Dortmund"]
[Date "2015.03.17"]
[Round "8.19"]
[White "Sobottka, H.-G."]
[Black "Kesselmeier, Klaus"]
[Result "1/2-1/2"]
[WhiteElo "989"]
[BlackElo "1404"]
[Annotator "Schulenburg,Pit"]
[PlyCount "52"]
[EventDate "2015.??.??"]
[WhiteTeam "Dortmunder SV"]
[BlackTeam "SF Brackel"]

1. c4 d6 2. Nc3 Bd7 3. g3 Nf6 4. Bg2 c6 5. e3 e5 6. Nge2 Be7 7. O-O O-O 8. f4
Na6 9. d4 exd4 10. exd4 Nc7 11. b3 Bg4 12. Bf3 Bxf3 13. Rxf3 d5 14. c5 b6 15.
cxb6 axb6 16. Be3 Qd7 17. f5 g6 18. Bh6 Rfe8 19. fxg6 fxg6 20. Bg5 Ne4 21. Bxe7
Qxe7 22. Nxe4 Qxe4 23. Nf4 Ne6 24. Nxe6 Rxe6 25. Qd3 Qxd3 26. Rxd3 Rf8 $11
1/2-1/2

[Event "69. BEM 2015"]
[Site "Dortmund"]
[Date "2015.03.17"]
[Round "8.20"]
[White "Pennekamp, Christ"]
[Black "Wilkins, Petra"]
[Result "1-0"]
[WhiteElo "1194"]
[BlackElo "1041"]
[PlyCount "95"]
[EventDate "2015.??.??"]
[WhiteTeam "SC Hansa Dortmund"]
[BlackTeam "SC Hansa Dortmund"]

1. d4 d6 2. c4 Nf6 3. Nc3 g6 4. e4 Bg7 5. Be2 O-O 6. h3 Nfd7 7. Nf3 Nc6 8. Be3
e5 9. Qd2 Qe7 10. d5 Nd8 11. O-O b6 12. b4 a6 13. a4 f6 14. a5 g5 15. axb6 Nxb6
16. c5 Nd7 17. c6 Nb6 18. b5 g4 19. hxg4 Bxg4 20. Qd3 a5 21. Na4 Nf7 22. Nxb6
cxb6 23. Bxb6 Bxf3 24. Bxf3 Bh6 25. Rxa5 Ng5 26. Rfa1 Qg7 27. Bg4 Rab8 28. Be3
Nf7 29. Be6 Bf4 30. b6 Kh8 31. b7 Rg8 32. Bh3 Ng5 33. Bxf4 exf4 34. Bg4 h5 35.
Bf5 f3 36. g3 h4 37. g4 Nh3+ 38. Kf1 Ng5 39. Ra8 h3 40. Kg1 h2+ 41. Kh1 Qe7 42.
Rxb8 Qe5 43. Rxg8+ Kxg8 44. b8=Q+ Kg7 45. Ra7+ Nf7 46. Qxf3 Kh6 47. Qh3+ Kg5
48. Qg8+ 1-0

[Event "69. BEM 2015"]
[Site "Dortmund"]
[Date "2015.03.17"]
[Round "8.21"]
[White "Böckmann, Lilo"]
[Black "Haufe, Ulrich"]
[Result "0-1"]
[WhiteElo "1083"]
[BlackElo "1292"]
[PlyCount "36"]
[EventDate "2015.??.??"]
[WhiteTeam "FS 1898 Dortmund"]
[BlackTeam "SU Huck.-Westerfilde"]

1. c4 Nf6 2. Nc3 c6 3. e3 d5 4. d4 Nbd7 5. Nf3 Qc7 6. Be2 e5 7. O-O e4 8. Ne1
h5 9. cxd5 cxd5 10. f4 a6 11. Qb3 Qd6 12. Bd2 Rh6 13. Na4 Qe6 14. f5 Qd6 15. a3
Qb8 16. Nb6 Nxb6 17. Qxb6 Ng4 18. Qb3 Qxh2# 0-1

[Event "69. BEM 2015"]
[Site "Dortmund"]
[Date "2015.03.17"]
[Round "8.22"]
[White "Schlettig, Achim"]
[Black "Dirks, Rainer"]
[Result "1-0"]
[WhiteElo "1206"]
[BlackElo "1150"]
[PlyCount "119"]
[EventDate "2015.??.??"]
[WhiteTeam "FS 1898 Dortmund"]
[BlackTeam "FS 1898 Dortmund"]

1. d4 d5 2. c4 Nf6 3. Nf3 e6 4. Bf4 Nh5 5. Bd2 Bd6 6. e3 O-O 7. Nc3 c5 8. cxd5
exd5 9. Nxd5 cxd4 10. Nxd4 Be5 11. Qxh5 Qxd5 12. Bc3 g6 13. Qf3 Qxf3 14. Nxf3
Bxc3+ 15. bxc3 Nc6 16. Be2 Bf5 17. O-O Rae8 18. Rfe1 Ne5 19. Nd4 Bd3 20. Rad1
Bc4 21. Bxc4 Nxc4 22. Re2 Rc8 23. Rc2 Rfd8 24. Kf1 Ne5 25. h3 Nc6 26. Rdc1 Ne5
27. Ke2 f5 28. f4 Nc4 29. Kf2 Re8 30. Re2 Re4 31. Kf3 Rce8 32. Rce1 h6 33. g4
fxg4+ 34. hxg4 g5 35. Nf5 gxf4 36. exf4 Kh7 37. Rxe4 Nd2+ 38. Kg2 Nxe4 39. Re3
Nf6 40. Rxe8 Nxe8 41. Kf3 Nf6 42. Nd6 b6 43. Nc8 Nd5 44. c4 Nb4 45. a4 Nd3 46.
Nxa7 Nb2 47. Nc8 Nxc4 48. Ke4 Kg6 49. Ne7+ Kf6 50. Nd5+ Ke6 51. Kd4 Nb2 52.
Nxb6 Kd6 53. a5 Kc6 54. Nc4 Kb5 55. Nxb2 Kxa5 56. Ke5 Kb5 57. Ke6 Kc5 58. f5
Kd4 59. f6 Ke4 60. f7 1-0

[Event "69. BEM 2015"]
[Site "Dortmund"]
[Date "2015.03.17"]
[Round "8.23"]
[White "Schmidt, Andreas"]
[Black "Reker, Gerhard"]
[Result "1-0"]
[WhiteElo "1026"]
[BlackElo "874"]
[PlyCount "71"]
[EventDate "2015.??.??"]
[WhiteTeam "FS 1898 Dortmund"]
[BlackTeam "FS 1898 Dortmund"]

1. e4 e5 2. d4 exd4 3. c3 dxc3 4. Bc4 Qe7 5. Qf3 Nf6 6. Nxc3 c6 7. a3 d5 8. Ba2
Nxe4 9. Nxe4 dxe4 10. Qb3 Be6 11. Qe3 Bd5 12. b3 Nd7 13. Bb2 Ne5 14. Ke2 a6 15.
Nh3 Nd3 16. Bc3 Qe6 17. Qg3 f6 18. Rhd1 Bxa3 19. Kf1 Bxb3 20. Rxd3 exd3 21. Re1
Bxa2 22. Rxe6+ Bxe6 23. Qe3 Kf7 24. Nf4 Bc4 25. Nxd3 Rhe8 26. Qd4 Bb5 27. Qd7+
Re7 28. Qh3 Rae8 29. g4 Re2 30. Qh5+ Kg8 31. Qh3 Rc2 32. Ba5 Bc5 33. Kg1 Ba7
34. Kg2 c5 35. Ne1 Ra2 36. Qb3+ 1-0